000 00589nmm a22001817a 4500
003 OSt
005 20240521112421.0
006 eBook
008 240521b |||||||| |||| 00| 0 eng d
040 _cMRSPTU
100 _aPaul C Brown
245 _aImplementing SOA: Total Architecture in Practice
250 _a1st
260 _aNew Delhi
_bPearson
_c2008
600 _2Computer Science
856 _3Click here to access the e-book
_uhttps://ebookcentral.proquest.com/lib/gzsptuc/detail.action?docID=5125721&query=Implementing+SOA%3A+Total+Architecture+in+Practice
942 _2ddc
_cEB
_n1
999 _c10344
_d10344